000 00449nmm a2200157Ia 4500
008 251105s9999||||xx |||||||||||||||||und||
020 _a9788468727417
041 _aspa
100 _aStephens, Susan
245 0 _aRecuerdos de verano
264 _a[Madrid, España] :
_bHarlequin,
_c[Fecha de publicación no identificada]
300 _a0 páginas
650 _aRomance
856 _uhttps://public.digitaliapublishing.com/a/91973
942 _cCF
999 _c83968
_d83968